000 01101nam a2200301 4500
003 EC-UNACH
005 20251125181531.0
006 s||||gr|||| 00| 00
008 150116t9999 mx r gr 000 0 spa d
020 _a978-9942-07-635-9
040 _aEC-UNACH
_cEC-UNACH
041 _aspa
082 0 4 _223
_a860
_bL018394
110 _aConsejo Nacional de Cultura
245 _aCrónica de algún día
250 _aPrimera edición
264 _aEcuador
_bConsejo Nacional de Cultura
_c2014
300 _a193
505 _aLa poesía es un artículo de opinión. Francisco Granizo como periodista -- El perfil de la tierra -- Desviaciones -- Ver y decir -- Cara de Marear -- Crónica de algún día -- La hora cultural -- Crónicas del ayer y de hoy -- Sobre una impresente "presencia"MUERTE DE
650 _aMUERTE DE LA TEOLOGÍA
650 _aDE TODA LA TIERRA
650 _aTEORIA DEL REMORDIMIENTO
700 _aFrancisco Granizo Ribadeneira
942 _2ddc
_c1
999 _c14224